Tvorba cien, cenová stratégia a ich aplikácia vo vybranom podnikateľskom subjekte diplomová práca

Gespeichert in:
Bibliographische Detailangaben
1. Verfasser: Pánis, Tomáš
Körperschaft: Národohospodárska fakulta EU. Katedra hospodárskej politiky
Weitere Verfasser: Tokárová, Mária
Format: Buch
Sprache:Slowakisch
Veröffentlicht: Bratislava 2009
Tags: Tag hinzufügen
Keine Tags, Fügen Sie das erste Tag hinzu!

MARC

LEADER 00000nam$a2200000$$$4500
001 0105127
005 20240319123914.4
041 0 |a slo 
044 |a SK 
245 1 0 |a Tvorba cien, cenová stratégia a ich aplikácia vo vybranom podnikateľskom subjekte  |b diplomová práca  |c Tomáš Pánis ; škol. Mária Tokárová 
264 1 |a Bratislava  |c 2009 
300 |a 67 s. 
100 1 |a Pánis, Tomáš 
700 1 |a Tokárová, Mária 
710 2 |a Národohospodárska fakulta EU. Katedra hospodárskej politiky